Biggest Pennsylvania Cities in 1900 - Statistics

General Stats
  • This quiz has been taken 21 times
  • The average score is 15 of 20
Answer Stats
Pop. City County % Correct
1,293,700 Philadelphia (name)
100%
321,620 Pittsburgh Alleghany
100%
35,420 Allentown Lehigh
95%
52,730 Erie (name)
95%
102,030 Scranton Lackawanna
95%
38,970 Altoona Blair
90%
50,170 Harrisburg Dauphin
90%
41,460 Lancaster (name)
90%
78,960 Reading Berks
85%
51,720 Wilkes-Barre Luzerne
80%
33,990 Chester Delaware
75%
28,760 Williamsport Lycoming
75%
25,240 Easton Northampton
70%
35,940 Johnstown Cambria
70%
17,630 Lebanon (name)
55%
14,230 Hazleton Luzerne
45%
28,340 New Castle Lawrence
45%
13,260 Oil City Venango
45%
12,560 Pittston Luzerne
30%
15,030 Bradford McKean
25%
No matching quizzes found
Score Distribution
Percent of People with Each Score
Percentile by Number Answered
Your Score History
You have not taken this quiz